|
|
|
|
| LEADER |
00000nam0a2200000 4500 |
| 001 |
282388 |
| 005 |
20231101235508.0 |
| 035 |
|
|
|a (RuTPU)RU\TPU\book\306276
|
| 090 |
|
|
|a 282388
|
| 100 |
|
|
|a 20150130d1983 k y0rusy5003 ca
|
| 101 |
0 |
|
|a rus
|
| 102 |
|
|
|a RU
|
| 105 |
|
|
|a a z 001zy
|
| 200 |
1 |
|
|a Робототехника
|e межвузовский сборник
|f Ленинградский политехнический институт им. М. И. Калинина (ЛПИ)
|
| 210 |
|
|
|a Ленинград
|c Изд-во ЛПИ
|d 1983
|
| 215 |
|
|
|a 167 с.
|c ил.
|
| 320 |
|
|
|a Библиография в конце статей
|
| 606 |
1 |
|
|a Робототехника
|2 stltpush
|3 (RuTPU)RU\TPU\subj\25261
|9 49463
|
| 610 |
1 |
|
|a роботы
|
| 610 |
1 |
|
|a роботизированные технологические комплексы
|
| 610 |
1 |
|
|a манипуляционные роботы
|
| 610 |
1 |
|
|a звенья
|
| 610 |
1 |
|
|a разработка
|
| 610 |
1 |
|
|a технология
|
| 610 |
1 |
|
|a проектирование
|
| 610 |
1 |
|
|a автоматизация
|
| 610 |
1 |
|
|a кинематика
|
| 610 |
1 |
|
|a моделирование
|
| 610 |
1 |
|
|a искусственный интеллект
|
| 610 |
1 |
|
|a мини-роботы
|
| 610 |
1 |
|
|a приводы
|
| 675 |
|
|
|a 621.865.8
|z rus
|v 4
|
| 712 |
0 |
2 |
|a Ленинградский политехнический институт им. М. И. Калинина (ЛПИ)
|c (1924-1930, 1940-1990)
|2 stltpush
|3 (RuTPU)RU\TPU\col\2601
|
| 801 |
|
0 |
|a RU
|b RuMRKP
|c 19950704
|g psbo
|
| 801 |
|
1 |
|a RU
|b 63413507
|c 20150130
|
| 801 |
|
2 |
|a RU
|b 63413507
|c 20170718
|g RCR
|
| 942 |
|
|
|c BK
|